01222pab a2200169 454500008004000000100002400040245009800064260000900162300001300171362000800184520073800192650001800930650003600948700002000984700002101004773002701025180718b2003 xxu||||| |||| 00| 0 eng d aImbroscio, David L. aLocal policy responses to globalization: placed-based ownership models of economic enterprise c2003 ap.31-52. aFeb aThe destablizing forces wrought by economic globalization increasingly buffet local communities throughout America. This article explores a local policy strategy for coping with the effects of these forces and restoring some degree of stability to local economies. This strategy entails the creation of place-based ownership models of economic enterprise. With ownership and control held in a more collective or community-oriented fashion, such enterprises tend to anchor or root investment more securely in communities, providing a counterforce to globalization. We present and critically assess six place-based ownership models while providing illustrative examples to demonstrate how each model can work in practice. - Reproduced. aGlobalization aEconomic and social development aAlperovitz, Gar aWilliamson, Thad aPolicy Studies Journal